Представление документа в формате MARC21

Поле Инд. ПП Название Значение
Тип записи a
Библиографический уровень m
001 Контрольный номер ba922cad-c9ae-4d85-abb0-3205064eb473
005 Дата корректировки 20230208145213.0
008 Кодируемые данные 041105
020 a ISBN 5-16-001082-3
040 a Служба первич. каталог. НБ ТвГУ
041 0_ a Код языка текста rus
080 a Индекс УДК 174((075.8)
084 a Индекс другой классификации/Индекс ББК Ю705.4я73-1
090 x Авторский знак К38
a Полочн. индекс Ю705.4
100 1_ a Автор Кибанов Ардальон Яковлевич
245 10 a Заглавие Этика деловых отношений
b Продолж. заглавия учеб. для студентов вузов, обучающихся по специальности "Упр. персоналом"
c Ответственность А. Я. Кибанов, Д. К. Захаров, В. Г. Коновалова ; [под ред. А. Я. Кибанова] ; М-во образования Рос. Федерации, Гос. техн. ун-т
260 0_ a Место издания Москва
b Издательство ИНФРА-М
c Дата издания 2004
300 a Объем 366,[1] с.
b Иллюстрации/ тип воспроизводства табл.
440 _0 a Серия Высшее образование
504 a Библиография Библиогр.: с. 361-364 и в подстроч. примеч.
650 04 a Основная рубрика Профессиональная этика
650 04 a Основная рубрика Деловая этика
650 04 a Основная рубрика Управленческая деятельность
x Основная подрубрика Учебники для вузов
653 0_ a Ключевые слова Деловое общение
a Ключевые слова Деловая этика
a Ключевые слова Профессиональная этика
a Ключевые слова Управленческая этика
700 1_ a Другие авторы Захаров Дмитрий Кириллович
e Роль лиц авт.
700 1_ a Другие авторы Коновалова Валерия Германовна
852 41 i Расстановочный признак Проверка 2022
888 a Бесплатные
a За счет средств университета
920 a Оператор Поля
930 a Новая/Ретро учебники
952 c Вид литературы К ру
954 a Дата поступления на обработку 20050303
e Дата перешифровки 20230208
999 a Подразделение 2 аб.
a Подразделение 2 Фил1